|
|
|
|
| LEADER |
00000nab a2200000 a 4500 |
| 001 |
vtls000090359 |
| 003 |
SK-MaSNL |
| 005 |
20260303032237.0 |
| 008 |
111103c1981 xo 0 slo |
| 015 |
|
|
|a SNBRB19rr/mm-uuuuu
|
| 035 |
|
|
|a CL0100462
|
| 040 |
|
|
|a SNKBUCL
|b slo
|c SNKBUCL
|e AACR2
|
| 041 |
0 |
|
|a slo
|
| 044 |
|
|
|a xo
|c SK
|
| 080 |
|
|
|a 730
|2 1981
|
| 080 |
|
|
|a 929 Bartfay, Tibor
|2 1981
|
| 100 |
1 |
|
|a Valo, Peter
|4 aut
|9 320277
|
| 245 |
1 |
0 |
|a Cesta za dokonalosťou
|b Na okraj výstavy Tibora Bartfaya v Komárne
|c Peter Valo
|
| 600 |
1 |
7 |
|a Bártfay, Tibor,
|d 1922-2015
|2 snkbucl
|9 162302
|
| 651 |
|
7 |
|a 5204
|2 snkbucl
|9 376683
|
| 655 |
|
7 |
|a články z novín a časopisov
|2 snkbucl
|9 267496
|
| 773 |
0 |
|
|t Pravda
|g Roč. 62, č. 175 (27. 7. 1981), s. 2
|
| 850 |
|
|
|a Slovenská národná knižnica v Martine
|a MTA001
|
| 852 |
|
|
|a SNK
|b KIS3GCP
|
| 958 |
|
|
|a RK
|
| 992 |
|
|
|a RBX
|
| 999 |
|
|
|c 1663210
|d 1665140
|